Ptáci podle obrázků #1 - Statistics

General Stats
  • This quiz has been taken 371 times
  • The average score is 13 of 16
Answer Stats
Picture Answer % Correct
plameňák americký
97%
datel černý
95%
tučňák císařský
95%
krocan domácí
92%
výr velký
92%
sýkora koňadra
91%
tukan obrovský
91%
vlaštovka obecná
91%
orel skalní
90%
andulka vlnkovaná
89%
emu hnědý
89%
vrabec polní
77%
hrdlička zahradní
70%
kakadu žlutočečelatý
68%
poštolka obecná
66%
stehlík obecný
27%
No matching quizzes found
Score Distribution
Percent of People with Each Score
Percentile by Number Answered
Your Score History
You have not taken this quiz